[Event "Королевский Гамбит. Южный Федеральный округ."]
[Date "2025-11-21"]
[Round "5.9"]
[Board "9"]
[White "Аристархов Максим"]
[WhiteElo "962"]
[Black "Макушкин Алексей"]
[BlackElo "991"]
[WebSite "https://www.chessopen.ru"]
[GameId "fabd57fc-b66d-4f83-afa2-8776c3381d07"]
[Result "0-1"]

1. d4 { [%clk 0:09:57] } d5 { [%clk 0:10:00] } 2. c3 { [%clk 0:09:50] } c6 {
[%clk 0:09:57] } 3. h3 { [%clk 0:09:41] } e6 { [%clk 0:09:52] } 4. f3 { [%clk
0:09:34] } Bd6 { [%clk 0:09:51] } 5. Be3 { [%clk 0:09:30] } Nf6 { [%clk
0:09:49] } 6. a3 { [%clk 0:09:23] } O-O { [%clk 0:09:49] } 7. Nd2 { [%clk
0:09:09] } Nbd7 { [%clk 0:09:46] } 8. Rb1 { [%clk 0:08:59] } h6 { [%clk
0:09:43] } 9. h4 { [%clk 0:08:59] } Nb6 { [%clk 0:09:33] } 10. Ra1 { [%clk
0:08:53] } Bd7 { [%clk 0:09:29] } 11. a4 { [%clk 0:08:44] } a5 { [%clk 0:09:24]
} 12. Nb1 { [%clk 0:08:40] } Qc7 { [%clk 0:09:23] } 13. Na3 { [%clk 0:08:40] }
Bf4 { [%clk 0:09:13] } 14. Bxf4 { [%clk 0:08:25] } Qxf4 { [%clk 0:09:10] } 15.
e3 { [%clk 0:08:27] } Qxe3+ { [%clk 0:09:03] } 16. Be2 { [%clk 0:08:21] } Nh7 {
[%clk 0:09:01] } 17. Qc2 { [%clk 0:08:18] } f5 { [%clk 0:08:48] } 18. Nc4 {
[%clk 0:08:19] } Nxc4 { [%clk 0:08:48] } 19. b3 { [%clk 0:08:18] } Nb6 { [%clk
0:08:38] } 20. Kd1 { [%clk 0:08:12] } f4 { [%clk 0:08:36] } 21. Qd2 { [%clk
0:08:06] } Qxd2+ { [%clk 0:08:34] } 22. Kxd2 { [%clk 0:08:06] } Nf6 { [%clk
0:08:23] } 23. Kc1 { [%clk 0:08:05] } Nh5 { [%clk 0:08:14] } 24. Nh3 { [%clk
0:07:57] } Ng3 { [%clk 0:08:06] } 25. Ra3 { [%clk 0:07:42] } Nxh1 { [%clk
0:08:03] } 26. Kd2 { [%clk 0:07:43] } Ng3 { [%clk 0:07:58] } 27. Ra1 { [%clk
0:07:25] } Nxe2 { [%clk 0:07:50] } 28. Kxe2 { [%clk 0:07:26] } Rae8 { [%clk
0:07:47] } 29. c4 { [%clk 0:07:23] } dxc4 { [%clk 0:07:41] } 30. bxc4 { [%clk
0:07:24] } Nxc4 { [%clk 0:07:27] } 31. Rc1 { [%clk 0:07:27] } b5 { [%clk
0:07:22] } 32. Rxc4 { [%clk 0:07:29] } bxc4 { [%clk 0:07:23] } 33. Kd1 { [%clk
0:07:22] } c5 { [%clk 0:07:20] } 34. dxc5 { [%clk 0:07:15] } Bxa4+ { [%clk
0:07:21] } 35. Kc1 { [%clk 0:07:14] } c3 { [%clk 0:07:14] } 36. Nf2 { [%clk
0:07:12] } c2 { [%clk 0:06:53] } 37. Nd3 { [%clk 0:07:15] } Rd8 { [%clk
0:06:53] } 38. Kb2 { [%clk 0:07:14] } Rxd3 { [%clk 0:06:36] } 39. g3 { [%clk
0:07:17] } fxg3 { [%clk 0:06:30] } 40. Ka2 { [%clk 0:07:17] } c1=R { [%clk
0:06:21] } 41. Kb2 { [%clk 0:07:13] } Rxc5 { [%clk 0:06:11] } 42. Ka2 { [%clk
0:07:12] } Rfxf3 { [%clk 0:06:12] } 43. Kb2 { [%clk 0:07:10] } Rc2+ { [%clk
0:06:03] } 44. Ka1 { [%clk 0:07:09] } Rf1# { [%clk 0:06:04] } 0-1

[Event "Королевский Гамбит. Южный Федеральный округ."]
[Date "2025-11-21"]
[Round "5.9"]
[Board "9"]
[White "Березин Михаил"]
[WhiteElo "990"]
[Black "Литвинов Егор"]
[BlackElo "1001"]
[WebSite "https://www.chessopen.ru"]
[GameId "e396bf74-2ddc-4004-b652-6942e0c13969"]
[Result "0-1"]

1. e4 { [%clk 0:09:59] } c5 { [%clk 0:09:59] } 2. Bc4 { [%clk 0:09:55] } e6 {
[%clk 0:09:58] } 3. Nc3 { [%clk 0:09:52] } a6 { [%clk 0:09:57] } 4. Nf3 { [%clk
0:09:52] } b5 { [%clk 0:09:55] } 5. Be2 { [%clk 0:09:40] } Nc6 { [%clk 0:09:55]
} 6. b3 { [%clk 0:09:36] } d6 { [%clk 0:09:51] } 7. d4 { [%clk 0:09:28] } cxd4
{ [%clk 0:09:52] } 8. Nxd4 { [%clk 0:09:28] } Qc7 { [%clk 0:09:53] } 9. Nxc6 {
[%clk 0:09:00] } Qxc6 { [%clk 0:09:53] } 10. Bb2 { [%clk 0:08:20] } Nf6 { [%clk
0:09:44] } 11. Bf3 { [%clk 0:07:59] } e5 { [%clk 0:09:33] } 12. O-O { [%clk
0:07:56] } Be7 { [%clk 0:09:33] } 13. Nd5 { [%clk 0:07:11] } Nxd5 { [%clk
0:09:29] } 14. exd5 { [%clk 0:07:12] } Qc7 { [%clk 0:09:25] } 15. Bg4 { [%clk
0:05:53] } O-O { [%clk 0:09:15] } 16. Bh5 { [%clk 0:05:19] } Bf5 { [%clk
0:08:44] } 17. Rc1 { [%clk 0:05:03] } Rac8 { [%clk 0:08:15] } 18. c3 { [%clk
0:04:45] } g6 { [%clk 0:08:03] } 19. Qf3 { [%clk 0:03:57] } Qd7 { [%clk
0:07:51] } 20. g4 { [%clk 0:03:24] } gxh5 { [%clk 0:05:54] } 21. gxf5 { [%clk
0:03:18] } Bf6 { [%clk 0:05:54] } 22. Qxh5 { [%clk 0:02:58] } Kh8 { [%clk
0:05:54] } 23. c4 { [%clk 0:02:39] } Rg8+ { [%clk 0:05:46] } 24. Kh1 { [%clk
0:02:37] } Rg5 { [%clk 0:05:23] } 25. Qh6 { [%clk 0:02:04] } Qxf5 { [%clk
0:05:20] } 26. Rg1 { [%clk 0:01:56] } Qf3+ { [%clk 0:05:19] } 27. Rg2 { [%clk
0:01:29] } Qxg2# { [%clk 0:05:19] } 0-1

[Event "Королевский Гамбит. Южный Федеральный округ."]
[Date "2025-11-21"]
[Round "5.9"]
[Board "9"]
[White "Никишин Глеб"]
[WhiteElo "1039"]
[Black "Слободской Виталий"]
[BlackElo "971"]
[WebSite "https://www.chessopen.ru"]
[GameId "0c8a388f-8f64-44cf-b712-c24dbf9fc748"]
[Result "1-0"]

1. g3 { [%clk 0:09:53] } Nf6 { [%clk 0:09:57] } 2. Bg2 { [%clk 0:09:53] } g6 {
[%clk 0:09:56] } 3. d4 { [%clk 0:09:52] } Bg7 { [%clk 0:09:56] } 4. c4 { [%clk
0:09:50] } O-O { [%clk 0:09:56] } 5. Nc3 { [%clk 0:09:48] } Nc6 { [%clk
0:09:56] } 6. e3 { [%clk 0:09:47] } b6 { [%clk 0:09:56] } 7. Nge2 { [%clk
0:09:46] } Bb7 { [%clk 0:09:57] } 8. O-O { [%clk 0:09:44] } d5 { [%clk 0:09:42]
} 9. cxd5 { [%clk 0:09:42] } Nxd5 { [%clk 0:09:43] } 10. Nxd5 { [%clk 0:09:39]
} e6 { [%clk 0:09:40] } 11. Ndc3 { [%clk 0:09:39] } Qf6 { [%clk 0:09:18] } 12.
b3 { [%clk 0:09:33] } Nb4 { [%clk 0:09:10] } 13. Bxb7 { [%clk 0:09:31] } Rae8 {
[%clk 0:09:06] } 14. Ba3 { [%clk 0:09:22] } Nd5 { [%clk 0:08:46] } 15. Nxd5 {
[%clk 0:09:18] } exd5 { [%clk 0:08:47] } 16. Bxf8 { [%clk 0:09:19] } Rxf8 {
[%clk 0:08:46] } 17. Bxd5 { [%clk 0:09:21] } Qf5 { [%clk 0:08:23] } 18. Bg2 {
[%clk 0:09:20] } b5 { [%clk 0:08:14] } 19. Rc1 { [%clk 0:09:20] } Rc8 { [%clk
0:08:12] } 20. Rc5 { [%clk 0:09:20] } b4 { [%clk 0:08:11] } 21. Rxf5 { [%clk
0:09:21] } gxf5 { [%clk 0:08:13] } 22. Qd2 { [%clk 0:09:21] } a5 { [%clk
0:08:02] } 23. Rc1 { [%clk 0:09:20] } c6 { [%clk 0:07:44] } 24. d5 { [%clk
0:09:21] } Bc3 { [%clk 0:07:06] } 25. Nxc3 { [%clk 0:09:21] } bxc3 { [%clk
0:07:07] } 26. Rxc3 { [%clk 0:09:23] } Rd8 { [%clk 0:07:00] } 27. d6 { [%clk
0:09:23] } Kf8 { [%clk 0:06:57] } 28. Rxc6 { [%clk 0:09:22] } Ke8 { [%clk
0:06:57] } 29. Rc7 { [%clk 0:09:23] } h5 { [%clk 0:06:48] } 30. Bc6+ { [%clk
0:09:24] } Kf8 { [%clk 0:06:42] } 31. Qd5 { [%clk 0:09:24] } f6 { [%clk
0:06:25] } 32. Qf7# { [%clk 0:09:25] } 1-0

[Event "Королевский Гамбит. Южный Федеральный округ."]
[Date "2025-11-21"]
[Round "5.10"]
[Board "10"]
[White "Chekashov Egor"]
[WhiteElo "998"]
[Black "валерия усольцева"]
[BlackElo "998"]
[WebSite "https://www.chessopen.ru"]
[GameId "492d54b5-7207-4f38-95b4-ba840782b82e"]
[Result "1-0"]

1. d4 { [%clk 0:10:00] } Nc6 { [%clk 0:10:00] } 2. c4 { [%clk 0:10:00] } Nf6 {
[%clk 0:09:52] } 3. e3 { [%clk 0:10:00] } d5 { [%clk 0:09:45] } 4. Nc3 { [%clk
0:09:59] } dxc4 { [%clk 0:09:38] } 5. Bxc4 { [%clk 0:09:59] } e6 { [%clk
0:09:34] } 6. Nf3 { [%clk 0:09:59] } Bb4 { [%clk 0:09:33] } 7. a3 { [%clk
0:10:01] } Be7 { [%clk 0:09:29] } 8. b4 { [%clk 0:10:02] } O-O { [%clk 0:09:22]
} 9. Bb2 { [%clk 0:10:00] } Ng4 { [%clk 0:09:09] } 10. O-O { [%clk 0:09:55] }
Bd6 { [%clk 0:09:02] } 11. Ne5 { [%clk 0:09:23] } Qh4 { [%clk 0:08:38] } 12.
Qxg4 { [%clk 0:09:01] } Qxg4 { [%clk 0:08:37] } 13. Nxg4 { [%clk 0:09:02] } e5
{ [%clk 0:08:15] } 14. dxe5 { [%clk 0:08:43] } Be7 { [%clk 0:07:53] } 15. Nd5 {
[%clk 0:08:28] } Bg5 { [%clk 0:07:40] } 16. Nxc7 { [%clk 0:08:05] } Rb8 { [%clk
0:07:38] } 17. e6 { [%clk 0:08:05] } Bxe6 { [%clk 0:07:32] } 18. Nxe6 { [%clk
0:07:52] } fxe6 { [%clk 0:07:29] } 19. Bxe6+ { [%clk 0:07:53] } Kh8 { [%clk
0:07:29] } 20. Be5 { [%clk 0:07:40] } Ne7 { [%clk 0:07:31] } 21. Bxb8 { [%clk
0:07:34] } Rxb8 { [%clk 0:07:31] } 22. Rac1 { [%clk 0:07:32] } Ng6 { [%clk
0:07:26] } 23. Rc8+ { [%clk 0:07:30] } Rxc8 { [%clk 0:07:27] } 24. Bxc8 { [%clk
0:07:31] } Kg8 { [%clk 0:07:27] } 25. Rd1 { [%clk 0:07:31] } Ne7 { [%clk
0:07:24] } 26. Bxb7 { [%clk 0:07:23] } Bf6 { [%clk 0:07:14] } 27. Nxf6+ { [%clk
0:07:23] } gxf6 { [%clk 0:07:14] } 28. Rd8+ { [%clk 0:07:23] } Kf7 { [%clk
0:07:14] } 29. Ra8 { [%clk 0:07:24] } Nd5 { [%clk 0:07:13] } 30. Bxd5+ { [%clk
0:07:24] } Kg7 { [%clk 0:07:13] } 31. Rxa7+ { [%clk 0:07:26] } Kg6 { [%clk
0:07:14] } 32. b5 { [%clk 0:07:28] } f5 { [%clk 0:07:09] } 33. b6 { [%clk
0:07:31] } Kg5 { [%clk 0:07:03] } 34. b7 { [%clk 0:07:34] } h6 { [%clk 0:06:43]
} 35. b8=Q { [%clk 0:07:36] } f4 { [%clk 0:06:42] } 36. Rf7 { [%clk 0:07:31] }
Kg6 { [%clk 0:06:38] } 37. Qg8+ { [%clk 0:07:32] } Kh5 { [%clk 0:06:33] } 38.
Bf3+ { [%clk 0:07:22] } Kh4 { [%clk 0:06:31] } 39. Qg4# { [%clk 0:07:23] } 1-0

[Event "Королевский Гамбит. Южный Федеральный округ."]
[Date "2025-11-21"]
[Round "5.10"]
[Board "10"]
[White "Вершинин Владислав"]
[WhiteElo "993"]
[Black "Журавель Егор"]
[BlackElo "1002"]
[WebSite "https://www.chessopen.ru"]
[GameId "2fef2dc4-4596-4d95-9c21-445919a40f7e"]
[Result "1-0"]

1. h4 { [%clk 0:10:00] } e5 { [%clk 0:10:01] } 2. h5 { [%clk 0:10:02] } Nc6 {
[%clk 0:10:00] } 3. e4 { [%clk 0:10:02] } Nf6 { [%clk 0:10:01] } 4. d3 { [%clk
0:10:04] } Bd6 { [%clk 0:10:01] } 5. Be2 { [%clk 0:09:54] } Nd4 { [%clk
0:09:54] } 6. c3 { [%clk 0:09:45] } Nxe2 { [%clk 0:09:55] } 7. Qxe2 { [%clk
0:09:47] } Be7 { [%clk 0:09:50] } 8. f4 { [%clk 0:09:47] } exf4 { [%clk
0:09:50] } 9. Bxf4 { [%clk 0:09:48] } d6 { [%clk 0:09:51] } 10. Nf3 { [%clk
0:09:47] } Bg4 { [%clk 0:09:52] } 11. Bg5 { [%clk 0:09:47] } Bxf3 { [%clk
0:09:39] } 12. Qxf3 { [%clk 0:09:44] } h6 { [%clk 0:09:39] } 13. Bxf6 { [%clk
0:09:45] } Bxf6 { [%clk 0:09:38] } 14. Nd2 { [%clk 0:09:45] } Bg5 { [%clk
0:09:39] } 15. O-O-O { [%clk 0:09:46] } Qf6 { [%clk 0:09:35] } 16. Qxf6 { [%clk
0:09:37] } Bxf6 { [%clk 0:09:37] } 17. g4 { [%clk 0:09:38] } g6 { [%clk
0:09:35] } 18. Rhf1 { [%clk 0:09:33] } Bg5 { [%clk 0:09:30] } 19. hxg6 { [%clk
0:09:34] } fxg6 { [%clk 0:09:32] } 20. Kc2 { [%clk 0:09:35] } O-O-O { [%clk
0:09:30] } 21. Nf3 { [%clk 0:09:34] } Rhf8 { [%clk 0:09:14] } 22. Nxg5 { [%clk
0:09:34] } Rxf1 { [%clk 0:09:10] } 23. Rxf1 { [%clk 0:09:35] } hxg5 { [%clk
0:09:11] } 24. Rf6 { [%clk 0:09:32] } Rg8 { [%clk 0:09:11] } 25. d4 { [%clk
0:09:32] } Kd7 { [%clk 0:09:13] } 26. e5 { [%clk 0:09:33] } dxe5 { [%clk
0:09:14] } 27. dxe5 { [%clk 0:09:34] } Ke7 { [%clk 0:09:16] } 28. Kd3 { [%clk
0:09:35] } a6 { [%clk 0:09:08] } 29. Ke4 { [%clk 0:09:33] } Kd7 { [%clk
0:08:48] } 30. b4 { [%clk 0:09:30] } c6 { [%clk 0:08:49] } 31. a4 { [%clk
0:09:32] } b5 { [%clk 0:08:50] } 32. axb5 { [%clk 0:09:33] } axb5 { [%clk
0:08:48] } 33. Kd4 { [%clk 0:09:18] } Kc7 { [%clk 0:08:42] } 34. c4 { [%clk
0:09:17] } bxc4 { [%clk 0:08:43] } 35. Kxc4 { [%clk 0:09:18] } Kb6 { [%clk
0:08:37] } 36. e6 { [%clk 0:09:14] } Kc7 { [%clk 0:08:38] } 37. Kd4 { [%clk
0:09:12] } Rg7 { [%clk 0:08:32] } 38. Rf7+ { [%clk 0:09:07] } Rxf7 { [%clk
0:08:31] } 39. exf7 { [%clk 0:09:09] } Kb6 { [%clk 0:08:30] } 40. f8=Q { [%clk
0:09:10] } Kb5 { [%clk 0:08:31] } 41. Kc3 { [%clk 0:09:10] } 1-0

[Event "Королевский Гамбит. Южный Федеральный округ."]
[Date "2025-11-21"]
[Round "5.10"]
[Board "10"]
[White "Гейкин Филипп"]
[WhiteElo "980"]
[Black "Имранов Махир"]
[BlackElo "991"]
[WebSite "https://www.chessopen.ru"]
[GameId "f0bb761a-0fc2-42a6-92a2-e942196c174a"]
[Result "1-0"]

1. e4 { [%clk 0:10:00] } e5 { [%clk 0:10:01] } 2. Nf3 { [%clk 0:09:58] } Nf6 {
[%clk 0:09:59] } 3. Nxe5 { [%clk 0:09:57] } Nxe4 { [%clk 0:10:00] } 4. Qe2 {
[%clk 0:09:53] } d5 { [%clk 0:09:31] } 5. d3 { [%clk 0:09:48] } Nc5 { [%clk
0:09:17] } 6. Nc6+ { [%clk 0:09:44] } Qe7 { [%clk 0:09:03] } 7. Nxe7 { [%clk
0:09:39] } Bxe7 { [%clk 0:09:04] } 8. Qe5 { [%clk 0:09:31] } Nbd7 { [%clk
0:08:35] } 9. Qxg7 { [%clk 0:09:24] } Nf6 { [%clk 0:08:17] } 10. Qxh8+ { [%clk
0:09:13] } Kd7 { [%clk 0:08:12] } 11. Bg5 { [%clk 0:09:06] } Kd6 { [%clk
0:08:08] } 12. Bxf6 { [%clk 0:08:58] } Bxf6 { [%clk 0:08:00] } 13. Qxf6+ {
[%clk 0:08:54] } Kd7 { [%clk 0:08:00] } 14. c4 { [%clk 0:08:47] } d4 { [%clk
0:07:57] } 15. Qxf7+ { [%clk 0:08:42] } Kd6 { [%clk 0:07:52] } 16. Qd5+ { [%clk
0:08:35] } Ke7 { [%clk 0:07:49] } 17. Qxc5+ { [%clk 0:08:30] } Ke6 { [%clk
0:07:46] } 18. Be2 { [%clk 0:08:23] } Bd7 { [%clk 0:07:43] } 19. Bg4+ { [%clk
0:08:18] } Kf6 { [%clk 0:07:36] } 20. Qxd4+ { [%clk 0:08:12] } Kg5 { [%clk
0:07:36] } 21. Qg7+ { [%clk 0:08:06] } Kh4 { [%clk 0:07:30] } 22. g3# { [%clk
0:08:04] } 1-0

[Event "Королевский Гамбит. Южный Федеральный округ."]
[Date "2025-11-21"]
[Round "5.10"]
[Board "10"]
[White "Саидов Анзор"]
[WhiteElo "1030"]
[Black "Петренко Иван"]
[BlackElo "1000"]
[WebSite "https://www.chessopen.ru"]
[GameId "3b3155c3-07cb-4158-b5ef-d87608028271"]
[Result "1/2-1/2"]

1. e4 { [%clk 0:09:49] } d5 { [%clk 0:09:49] } 2. exd5 { [%clk 0:07:46] } Qxd5
{ [%clk 0:09:31] } 3. Nf3 { [%clk 0:07:23] } Bg4 { [%clk 0:09:28] } 4. Be2 {
[%clk 0:07:19] } Bxf3 { [%clk 0:09:29] } 5. Bxf3 { [%clk 0:07:16] } Qe5+ {
[%clk 0:09:29] } 6. Be2 { [%clk 0:07:15] } Nc6 { [%clk 0:09:28] } 7. O-O {
[%clk 0:07:13] } e6 { [%clk 0:09:27] } 8. d4 { [%clk 0:06:56] } Nxd4 { [%clk
0:09:22] } 9. Bd3 { [%clk 0:06:57] } Bd6 { [%clk 0:08:50] } 10. f3 { [%clk
0:06:46] } Nf6 { [%clk 0:08:31] } 11. g3 { [%clk 0:06:40] } O-O { [%clk
0:07:42] } 12. Bf4 { [%clk 0:06:37] } Nxf3+ { [%clk 0:06:32] } 13. Qxf3 { [%clk
0:06:31] } Qxb2 { [%clk 0:06:31] } 14. Nd2 { [%clk 0:05:46] } Bxf4 { [%clk
0:05:42] } 15. Qxf4 { [%clk 0:05:12] } Rad8 { [%clk 0:05:25] } 16. Ne4 { [%clk
0:05:03] } Nh5 { [%clk 0:04:59] } 17. Qh4 { [%clk 0:04:51] } g6 { [%clk
0:04:46] } 18. Nf6+ { [%clk 0:04:18] } Nxf6 { [%clk 0:04:38] } 19. Qxf6 { [%clk
0:03:59] } Qxf6 { [%clk 0:04:16] } 20. Rxf6 { [%clk 0:03:56] } Kg7 { [%clk
0:04:19] } 21. Rf4 { [%clk 0:03:41] } a5 { [%clk 0:04:17] } 22. Rb1 { [%clk
0:03:07] } b6 { [%clk 0:04:11] } 23. Rc4 { [%clk 0:02:53] } c5 { [%clk 0:04:01]
} 24. Rxb6 { [%clk 0:02:45] } f5 { [%clk 0:03:39] } 25. Rxc5 { [%clk 0:02:19] }
Rfe8 { [%clk 0:03:26] } 26. Rc7+ { [%clk 0:02:13] } Kh6 { [%clk 0:03:11] } 27.
Ra6 { [%clk 0:02:08] } Rd5 { [%clk 0:02:50] } 28. Bc4 { [%clk 0:01:46] } Rd1+ {
[%clk 0:02:48] } 29. Kg2 { [%clk 0:01:44] } Rd2+ { [%clk 0:02:47] } 30. Kh3 {
[%clk 0:01:41] } Rxc2 { [%clk 0:02:49] } 31. Rxa5 { [%clk 0:01:37] } e5 { [%clk
0:02:43] } 32. Bb5 { [%clk 0:01:30] } Rxc7 { [%clk 0:02:26] } 33. Bxe8 { [%clk
0:01:31] } Rc8 { [%clk 0:02:22] } 34. Rxe5 { [%clk 0:01:24] } Kg5 { [%clk
0:02:20] } 35. a4 { [%clk 0:01:19] } Ra8 { [%clk 0:02:17] } 36. a5 { [%clk
0:01:17] } Kf6 { [%clk 0:02:12] } 37. Re3 { [%clk 0:00:53] } Ra6 { [%clk
0:02:08] } 38. Ra3 { [%clk 0:00:48] } Ra8 { [%clk 0:02:07] } 39. a6 { [%clk
0:00:47] } Rxe8 { [%clk 0:02:06] } 40. a7 { [%clk 0:00:48] } Ra8 { [%clk
0:02:05] } 41. Kg2 { [%clk 0:00:47] } Kg5 { [%clk 0:02:07] } 42. Kf3 { [%clk
0:00:47] } h6 { [%clk 0:02:08] } 43. h4+ { [%clk 0:00:48] } Kf6 { [%clk
0:02:00] } 44. Kf4 { [%clk 0:00:49] } g5+ { [%clk 0:01:59] } 45. hxg5+ { [%clk
0:00:50] } hxg5+ { [%clk 0:02:01] } 46. Ke3 { [%clk 0:00:51] } Ke5 { [%clk
0:01:48] } 47. Ra5+ { [%clk 0:00:50] } Kf6 { [%clk 0:01:49] } 48. Kd4 { [%clk
0:00:51] } f4 { [%clk 0:01:49] } 49. gxf4 { [%clk 0:00:51] } gxf4 { [%clk
0:01:50] } 50. Ke4 { [%clk 0:00:53] } f3 { [%clk 0:01:40] } 51. Kxf3 { [%clk
0:00:54] } Ke7 { [%clk 0:01:41] } 52. Ke4 { [%clk 0:00:56] } Kd7 { [%clk
0:01:44] } 53. Kd5 { [%clk 0:00:58] } Kc7 { [%clk 0:01:46] } 54. Kc5 { [%clk
0:00:59] } Kb7 { [%clk 0:01:48] } 55. Kb5 { [%clk 0:00:50] } Rxa7 { [%clk
0:01:50] } 56. Rxa7+ { [%clk 0:00:51] } Kxa7 { [%clk 0:01:52] } 1/2-1/2

[Event "Королевский Гамбит. Южный Федеральный округ."]
[Date "2025-11-21"]
[Round "5.10"]
[Board "10"]
[White "Ярославцев Алексей"]
[WhiteElo "1000"]
[Black "Ковалев Богдан"]
[BlackElo "980"]
[WebSite "https://www.chessopen.ru"]
[GameId "310a963f-6ec8-4d20-a989-13137be53df6"]
[Result "1-0"]

1. e4 { [%clk 0:10:01] } Nf6 { [%clk 0:09:59] } 2. Nc3 { [%clk 0:10:01] } Nc6 {
[%clk 0:09:54] } 3. Nf3 { [%clk 0:10:01] } h6 { [%clk 0:09:53] } 4. Bc4 { [%clk
0:09:56] } Ng4 { [%clk 0:09:42] } 5. h3 { [%clk 0:09:44] } Nf6 { [%clk 0:09:29]
} 6. d3 { [%clk 0:09:35] } e5 { [%clk 0:09:30] } 7. O-O { [%clk 0:09:23] } Bc5
{ [%clk 0:09:19] } 8. Na4 { [%clk 0:09:14] } b6 { [%clk 0:09:16] } 9. Nxc5 {
[%clk 0:09:07] } bxc5 { [%clk 0:09:17] } 10. Bb5 { [%clk 0:09:02] } Nd4 { [%clk
0:09:12] } 11. Nxd4 { [%clk 0:08:55] } cxd4 { [%clk 0:09:11] } 12. f4 { [%clk
0:08:47] } c6 { [%clk 0:08:42] } 13. fxe5 { [%clk 0:08:37] } cxb5 { [%clk
0:08:41] } 14. exf6 { [%clk 0:08:28] } gxf6 { [%clk 0:08:40] } 15. Qg4 { [%clk
0:08:21] } d6 { [%clk 0:08:15] } 16. Qg7 { [%clk 0:08:15] } Kd7 { [%clk
0:07:57] } 17. Qxf7+ { [%clk 0:08:08] } Qe7 { [%clk 0:07:44] } 18. Qxe7+ {
[%clk 0:08:01] } Kxe7 { [%clk 0:07:37] } 19. b3 { [%clk 0:07:48] } a5 { [%clk
0:07:23] } 20. Bb2 { [%clk 0:07:43] } Rg8 { [%clk 0:06:56] } 21. Bxd4 { [%clk
0:07:36] } Rg6 { [%clk 0:06:55] } 22. Rf3 { [%clk 0:07:25] } Ke6 { [%clk
0:06:50] } 23. Raf1 { [%clk 0:07:14] } d5 { [%clk 0:06:42] } 24. Rxf6+ { [%clk
0:07:09] } Rxf6 { [%clk 0:06:38] } 25. Rxf6+ { [%clk 0:07:11] } Ke7 { [%clk
0:06:37] } 26. exd5 { [%clk 0:07:06] } b4 { [%clk 0:06:19] } 27. Rxh6 { [%clk
0:06:48] } a4 { [%clk 0:06:06] } 28. Bc5+ { [%clk 0:06:42] } Kf7 { [%clk
0:05:53] } 29. Bxb4 { [%clk 0:06:36] } axb3 { [%clk 0:05:47] } 30. cxb3 { [%clk
0:06:32] } Rxa2 { [%clk 0:05:46] } 31. Rh7+ { [%clk 0:06:22] } Kg8 { [%clk
0:05:40] } 32. Rc7 { [%clk 0:06:19] } Bf5 { [%clk 0:05:36] } 33. g4 { [%clk
0:06:14] } Bxd3 { [%clk 0:05:30] } 34. d6 { [%clk 0:06:11] } Ra1+ { [%clk
0:05:04] } 35. Kf2 { [%clk 0:06:08] } Rf1+ { [%clk 0:04:50] } 36. Ke3 { [%clk
0:05:52] } Rd1 { [%clk 0:04:31] } 37. Bd2 { [%clk 0:05:30] } Bf1 { [%clk
0:04:08] } 38. d7 { [%clk 0:04:41] } Kg7 { [%clk 0:03:42] } 39. d8=Q+ { [%clk
0:04:37] } Kg6 { [%clk 0:03:37] } 40. Qg8+ { [%clk 0:04:32] } Kf6 { [%clk
0:03:36] } 41. Rc6+ { [%clk 0:04:29] } Ke7 { [%clk 0:03:26] } 42. Qg7+ { [%clk
0:04:27] } Ke8 { [%clk 0:03:18] } 43. Rc8# { [%clk 0:04:21] } 1-0

[Event "Королевский Гамбит. Южный Федеральный округ."]
[Date "2025-11-21"]
[Round "5.11"]
[Board "11"]
[White "Асламазян Эдмон"]
[WhiteElo "1019"]
[Black "Бланк алексей"]
[BlackElo "1028"]
[WebSite "https://www.chessopen.ru"]
[GameId "be869b53-a040-428a-aac0-358d707e9886"]
[Result "1/2-1/2"]

1. e4 { [%clk 0:09:54] } e5 { [%clk 0:09:11] } 2. Nf3 { [%clk 0:09:41] } Nc6 {
[%clk 0:08:42] } 3. Bb5 { [%clk 0:09:37] } a6 { [%clk 0:08:00] } 4. Bxc6 {
[%clk 0:09:30] } dxc6 { [%clk 0:07:56] } 5. O-O { [%clk 0:09:26] } Bd6 { [%clk
0:07:21] } 6. d4 { [%clk 0:09:22] } exd4 { [%clk 0:07:19] } 7. Qxd4 { [%clk
0:09:17] } f6 { [%clk 0:07:11] } 8. Be3 { [%clk 0:08:57] } Ne7 { [%clk 0:07:04]
} 9. Qd3 { [%clk 0:08:53] } Ng6 { [%clk 0:06:55] } 10. Nbd2 { [%clk 0:08:37] }
O-O { [%clk 0:06:38] } 11. Nd4 { [%clk 0:08:34] } Ne5 { [%clk 0:06:32] } 12.
Qb3+ { [%clk 0:08:29] } Kh8 { [%clk 0:06:20] } 13. Rad1 { [%clk 0:08:25] } c5 {
[%clk 0:06:06] } 14. Nf5 { [%clk 0:08:20] } Re8 { [%clk 0:06:00] } 15. Nxd6 {
[%clk 0:08:18] } cxd6 { [%clk 0:05:56] } 16. Bf4 { [%clk 0:08:14] } Bg4 { [%clk
0:05:35] } 17. f3 { [%clk 0:08:09] } Be6 { [%clk 0:04:57] } 18. Qc3 { [%clk
0:08:04] } Qb8 { [%clk 0:03:34] } 19. Bxe5 { [%clk 0:08:00] } dxe5 { [%clk
0:03:01] } 20. Nc4 { [%clk 0:07:53] } Qc7 { [%clk 0:02:58] } 21. Ne3 { [%clk
0:07:49] } Red8 { [%clk 0:02:52] } 22. b4 { [%clk 0:07:46] } c4 { [%clk
0:02:49] } 23. a4 { [%clk 0:07:44] } b5 { [%clk 0:02:46] } 24. Rxd8+ { [%clk
0:07:31] } Rxd8 { [%clk 0:02:43] } 25. axb5 { [%clk 0:07:29] } axb5 { [%clk
0:02:44] } 26. Ra1 { [%clk 0:07:26] } h5 { [%clk 0:02:41] } 27. h3 { [%clk
0:07:17] } Kh7 { [%clk 0:02:38] } 28. Ra5 { [%clk 0:07:07] } Qb7 { [%clk
0:02:32] } 29. Kh2 { [%clk 0:07:04] } Rd4 { [%clk 0:02:28] } 30. Qa1 { [%clk
0:06:59] } Rd2 { [%clk 0:02:26] } 31. Qe1 { [%clk 0:06:56] } Qd7 { [%clk
0:02:23] } 32. c3 { [%clk 0:06:52] } Qd3 { [%clk 0:02:18] } 33. Ra7 { [%clk
0:06:49] } Qe2 { [%clk 0:02:14] } 34. Qg3 { [%clk 0:06:44] } Rd7 { [%clk
0:02:11] } 35. Rxd7 { [%clk 0:06:41] } Bxd7 { [%clk 0:02:10] } 36. Nd5 { [%clk
0:06:36] } Be6 { [%clk 0:02:07] } 37. Nc7 { [%clk 0:06:33] } Bd7 { [%clk
0:02:05] } 38. Nd5 { [%clk 0:06:32] } Be6 { [%clk 0:02:01] } 39. Nc7 { [%clk
0:06:24] } Bd7 { [%clk 0:01:59] } 40. Nd5 { [%clk 0:06:16] } 1/2-1/2